01437cam a22003854i 4500003000900000005001700009008004100026035001800067035001800085040003300103082002500136111006100161245001300222264008800235300004400323336002100367337002500388338002300413505046200436526001000898526001000908526000900918526000900927526000900936526000900945526000900954526000900963526000900972526000800981526000800989526000800997526000801005526000801013650003001021PE-LiUPU20250731165644.0150616s r 000 0 d a(Sirsi) a7325 a(Sirsi) a7325 aPE-LiUPUbspacPE-LiUPUerda04a286.704bG3719872212 aGeneral Conference Corporation of Seventh-day Adventists10aJD 1987. 1aWashington, DC. :bGeneral Conference Corporation of Seventh-day Adventists,c1987. a81 páginas :bilustraciones ;c28 cm. atext2rdacontent aunmediated2rdamedia avolume2rdacarrier0 aPeace and Peacemakers: A Christian Perspective. Trial by Perseverence -- Keepers of the Light -- How God Will Win His Case. Vindication Down Under: Coming Soon to a Theatre Near You. Relief From Rico. Practicing Attorney vs. Practicing Christian. Spark of Freedom. A Man for 1987. Directory of Attorneys. Directory of Law Students. 1986 and 1987 Judge Millvard C. Taft Scholarship Recipients. Alphabetical Listing of Attorneys. Fifteen Minutes More or Less. aSEG44 aSEG26 aP151 aP150 aP149 aP146 aP145 aP126 aP125 aP92 aP75 aP74 aP27 aP1504aDERECHO - IASD - ENSAYOS.